KOHA-Header-6

Contributions To Iqbal's Thought (Record no. 6918)

000 -LEADER
fixed length control field 00264nam a2200109Ia 4500
100 ## - MAIN ENTRY--AUTHOR NAME
Personal name Dr. M. Maruf
245 #0 - TITLE STATEMENT
Title Contributions To Iqbal's Thought
260 ## - PUBLICATION, DISTRIBUTION, ETC. (IMPRINT)
Place of publication Lahore
Name of publisher Royal Book
Year of publication 1977
300 ## - PHYSICAL DESCRIPTION
Number of Pages 152
942 ## - ADDED ENTRY ELEMENTS (KOHA)
Koha item type Books
Holdings
Withdrawn status Lost status Collection code Permanent Location Current Location Shelving location Date acquired Full call number Accession Number Koha item type
    English Literature MAJU MAJU Shelf No.A13 2019-09-11 128.311 436 English Literature

Powered by Koha